000 00463nam a2200181Ia 4500
003 GCL
008 140319s9999 xx 000 0 eng d
040 _aGCL /
_cGCL
082 0 4 _a843
_bC S
100 1 _aCLARKE, ARTHUR C
245 1 0 _a2001 A SPACE ODYESSEY /
_cCLARKE, ARTHUR C
260 _a[S.N] :
_bHUTCHINSON & CO LTD ،
_c1968
300 _a224 P
650 0 4 _aLITERATURE
650 0 4 _aFRENCH FICTION
650 0 4 _aFRENCH LITERATURE
942 _2ddc
_cBK
999 _c16156
_d16156